Behroonguda: a race success story in joint forest management (Record no. 51487)

000 -LEADER
fixed length control field 01806pab a2200169 454500
008 - FIXED-LENGTH DATA ELEMENTS--GENERAL INFORMATION
fixed length control field 180718b2002 xxu||||| |||| 00| 0 eng d
100 ## - MAIN ENTRY--PERSONAL NAME
Personal name D'Silva, Emmanuel
245 ## - TITLE STATEMENT
Title Behroonguda: a race success story in joint forest management
260 ## - PUBLICATION, DISTRIBUTION, ETC.
Date of publication, distribution, etc. 2002
300 ## - PHYSICAL DESCRIPTION
Extent p.551-57
362 ## - DATES OF PUBLICATION AND/OR SEQUENTIAL DESIGNATION
Dates of publication and/or sequential designation 9 Feb
520 ## - SUMMARY, ETC.
Summary, etc. Behroonguda is one of 77,000 hamlets and villages in Andhra Pradesh. The 97 families who belong to the Gond and Naikpod tribes formed themselves into a forest protection group in 1990, but the state government officially recognised their efforts in 1993. In 1998, five years after the recognition of the committee - referred to as Vana Samarakshana Samithi, or VSS - Behroonguda residents began to derive usufruct benefits from the forest. The case study documents the efforts of the villagers, the cots they have borne and the benefits they have derived from protecting 500 hectares of degraded forest allotted to them as part of the joint forest management (JFM) in Andhra Pradesh. The VSS is widely regarded as being successful. The paper analyses the reasons for the success of JFM and compares the experience of Behroonguda with other similar experiments in other countries to draw important lessons. The paper strikes one discordant note: The people of Behroonguda have not been clearly told when the forest department's financial and technical support would end. For JFM to be sustainable, it is important that forest staff be redeployed to other needy communities and the financial support to silvicultural and other conservation activities be discontinued. Only then will the Behroonguda experiment be deemed fully successful and sustainable. - Reproduced.
650 ## - SUBJECT ADDED ENTRY--TOPICAL TERM
Topical term or geographic name entry element Forest management
700 ## - ADDED ENTRY--PERSONAL NAME
Personal name Nagnath, B.
773 ## - HOST ITEM ENTRY
Main entry heading Economic and Political Weekly
909 ## -
-- 51487
Holdings
Withdrawn status Lost status Damaged status Not for loan Permanent Location Current Location Date acquired Serial Enumeration / chronology Barcode Date last seen Price effective from Koha item type
        Indian Institute of Public Administration Indian Institute of Public Administration 2018-07-19 Volume no: 37, Issue no: 6 AR51915 2018-07-19 2018-07-19 Articles

Powered by Koha